[Event "VIE-ch (Women)"]
[Site "Hanoi"]
[Date "2024.03.15"]
[Round "7"]
[White "Le, Thanh Tu"]
[Black "Nguyen, Truong Bao Tran"]
[Result "1-0"]
[WhiteElo "2098"]
[BlackElo "1908"]
[PlyCount "109"]
[EventDate "2024.03.11"]
[EventType "swiss"]
[EventRounds "9"]
[EventCountry "VIE"]
[SourceTitle "CB13_2024"]
[SourceDate "2024.03.27"]
[SourceVersion "1"]
[SourceVersionDate "2024.03.27"]
[SourceQuality "1"]

1. d4 Nf6 2. c4 g6 3. Nc3 Bg7 4. e4 d6 5. h3 0-0 6. Nf3 e5 7. d5 a5 8. Be3 Na6 9. g4 Nd7 10. a3 Kh8 11. Rg1 Nb6 12. Nd2 Bd7 13. Be2 Nc5 14. h4 f5 15. gxf5 gxf5 16. h5 Qe7 17. Qc2 a4 18. 0-0-0 f4 19. Bxc5 dxc5 20. Bg4 Bf6 21. Qd3 Rg8 22. Bxd7 Qxd7 23. Qf3 Rg5 24. Rxg5 Bxg5 25. Rg1 Rg8 26. Kc2 Nc8 27. Ne2 Nd6 28. Nc1 b6 29. Nd3 Qe8 30. Qh3 Bf6 31. Rxg8+ Qxg8 32. Ne1 Qc8 33. Qg2 Qa6 34. Nef3 Nxc4 35. Qf1 b5 36. Nxc4 bxc4 37. Nd2 Qb5 38. Qxc4 Qa5 39. Qe2 Kg7 40. Qg4+ Kh6 41. Qf5 Qa6 42. Kd1 Bg5 43. Qxe5 Kxh5 44. Qc3 Kg6 45. Qxc5 h5 46. Qxc7 h4 47. Qc6+ Qxc6 48. dxc6 Bd8 49. Ke2 h3 50. Kf1 Bc7 51. f3 Kf6 52. Nc4 Kg5 53. Kg1 Kh4 54. Kh2 Bb8 55. Nb6 1-0

[Event "VIE-ch (Women)"]
[Site "Hanoi"]
[Date "2024.03.15"]
[Round "8"]
[White "Nguyen, Truong Bao Tran"]
[Black "Dao, Thien Kim"]
[Result "1-0"]
[WhiteElo "1908"]
[BlackElo "1822"]
[PlyCount "73"]
[EventDate "2024.03.11"]
[EventType "swiss"]
[EventRounds "9"]
[EventCountry "VIE"]
[SourceTitle "CB13_2024"]
[SourceDate "2024.03.27"]
[SourceVersion "1"]
[SourceVersionDate "2024.03.27"]
[SourceQuality "1"]

1. d4 d5 2. c4 c6 3. cxd5 cxd5 4. Nc3 g6 5. Nf3 Bg7 6. Bf4 a6 7. Rc1 Nf6 8. e3 0-0 9. Be2 Nc6 10. 0-0 h6 11. Ne5 e6 12. Nxc6 bxc6 13. Na4 Ne4 14. f3 g5 15. fxe4 gxf4 16. e5 fxe3 17. Qd3 f6 18. Qg6 f5 19. Rxc6 Qe8 20. Qxe8 Rxe8 21. Nc5 Bf8 22. b4 a5 23. b5 Rb8 24. a4 Re7 25. Rf3 Bb7 26. Rb6 Rc7 27. Nxe6 Rc1+ 28. Rf1 Rc2 29. Bd3 Rd2 30. Bxf5 e2 31. Re1 Bb4 32. Kf2 Rxd4 33. Nxd4 Bc5 34. Rg6+ Kf7 35. Ke3 Re8 36. e6+ Kf8 37. Kd3 1-0

[Event "VIE-ch (Women)"]
[Site "Hanoi"]
[Date "2024.03.13"]
[Round "4"]
[White "Nguyen, Truong Bao Tran"]
[Black "Hoang, Thi Bao Tram"]
[Result "1/2-1/2"]
[WhiteElo "1908"]
[BlackElo "2243"]
[PlyCount "38"]
[EventDate "2024.03.11"]
[EventType "swiss"]
[EventRounds "9"]
[EventCountry "VIE"]
[SourceTitle "CB13_2024"]
[SourceDate "2024.03.27"]
[SourceVersion "1"]
[SourceVersionDate "2024.03.27"]
[SourceQuality "1"]

1. d4 d5 2. c4 c6 3. cxd5 cxd5 4. Nc3 Nf6 5. Bf4 Nc6 6. Nf3 a6 7. Rc1 Bf5 8. a3 e6 9. e3 Be7 10. Bd3 Bxd3 11. Qxd3 0-0 12. 0-0 Na5 13. Nd2 Nh5 14. Bc7 Qxc7 15. Nxd5 Qd6 16. Nxe7+ Qxe7 17. Rc5 Nf4 18. exf4 Nc6 19. Nf3 Rad8 1/2-1/2

[Event "VIE-ch (Women)"]
[Site "Hanoi"]
[Date "2024.03.11"]
[Round "2"]
[White "Nguyen, Truong Bao Tran"]
[Black "Do, Ha Trang"]
[Result "1-0"]
[WhiteElo "1908"]
[BlackElo "1690"]
[PlyCount "73"]
[EventDate "2024.03.11"]
[EventType "swiss"]
[EventRounds "9"]
[EventCountry "VIE"]
[SourceTitle "CB13_2024"]
[SourceDate "2024.03.27"]
[SourceVersion "1"]
[SourceVersionDate "2024.03.27"]
[SourceQuality "1"]

1. d4 d5 2. c4 e6 3. g3 Nf6 4. Bg2 c6 5. Nf3 Be7 6. 0-0 0-0 7. Qc2 Nbd7 8. Nbd2 b6 9. e4 dxe4 10. Nxe4 Ba6 11. b3 c5 12. Nxf6+ Bxf6 13. Bb2 Re8 14. Rad1 cxd4 15. Nxd4 Qc7 16. Qe2 Nc5 17. Nb5 Bxb5 18. Bxf6 gxf6 19. cxb5 Red8 20. Qg4+ Kh8 21. Qf3 Qe5 22. h4 f5 23. b4 Ne4 24. Qe2 Rd5 25. Rxd5 Qxd5 26. Qb2+ e5 27. Rc1 Rd8 28. Bxe4 Qxe4 29. Qc3 Kg7 30. Re1 Qd4 31. Qc7 Rd5 32. Qe7 h6 33. Rc1 Qd2 34. Rc7 Qe1+ 35. Kg2 Qe4+ 36. Kh2 Rd7 37. Qxd7 1-0

[Event "VIE-chT (Women)"]
[Site "Hanoi"]
[Date "2023.04.20"]
[Round "4"]
[White "Nguyen, Truong Bao Tran"]
[Black "Huynh, Thi Dieu Hanh"]
[Result "1-0"]
[WhiteElo "1847"]
[BlackElo "1967"]
[PlyCount "45"]
[EventDate "2023.04.18"]
[EventType "swiss"]
[EventRounds "9"]
[EventCountry "VIE"]
[SourceTitle "EXT 2024"]
[Source "ChessBase"]
[SourceDate "2023.10.10"]
[SourceVersion "1"]
[SourceVersionDate "2023.10.10"]
[SourceQuality "1"]

1. d4 Nf6 2. c4 g6 3. Nc3 Bg7 4. e4 d6 5. Nf3 Na6 6. Be2 c5 7. d5 0-0 8. 0-0 e6 9. Bg5 exd5 10. exd5 h6 11. Bh4 g5 12. Bg3 Bf5 13. Bd3 Bxd3 14. Qxd3 Qd7 15. a3 Ne8 16. h4 g4 17. Nh2 f5 18. Bf4 Qd8 19. g3 Nf6 20. Rfe1 Nd7 21. Qd2 Ne5 22. b3 Kh7 23. Kg2 1-0

[Event "VIE-chT (Women)"]
[Site "Hanoi"]
[Date "2023.04.18"]
[Round "2"]
[White "Nguyen, Thi Hong"]
[Black "Nguyen, Truong Bao Tran"]
[Result "0-1"]
[WhiteElo "1114"]
[BlackElo "1847"]
[PlyCount "31"]
[EventDate "2023.04.18"]
[EventType "swiss"]
[EventRounds "9"]
[EventCountry "VIE"]
[SourceTitle "EXT 2024"]
[Source "ChessBase"]
[SourceDate "2023.10.10"]
[SourceVersion "1"]
[SourceVersionDate "2023.10.10"]
[SourceQuality "1"]

1. d4 Nf6 2. c4 g6 3. Nc3 Bg7 4. e4 d6 5. Nf3 0-0 6. Be2 e5 7. d5 Nbd7 8. 0-0 Nc5 9. Qc2 a5 10. Bg5 h6 11. Be3 Nh5 12. Nd2 Nf4 13. Kh1 f5 14. f3 Bd7 15. b3 Qe8 16. g3 0-1

[Event "VIE-ch (Women)"]
[Site "Ho Chi Minh City"]
[Date "2021.03.28"]
[Round "7"]
[White "Nguyen, Truong Bao Tran"]
[Black "Tong, Thai Hoang An"]
[Result "1-0"]
[WhiteElo "1881"]
[BlackElo "1224"]
[PlyCount "114"]
[EventDate "2021.03.24"]
[EventType "swiss"]
[EventRounds "9"]
[EventCountry "VIE"]
[SourceTitle "EXT 2022"]
[Source "ChessBase"]
[SourceDate "2021.10.06"]
[SourceVersion "1"]
[SourceVersionDate "2021.10.06"]
[SourceQuality "1"]

1. d4 d5 2. Nf3 Nf6 3. g3 c5 4. Bg2 Nc6 5. 0-0 Bg4 6. c3 e6 7. Bg5 Be7 8. Bxf6 Bxf6 9. dxc5 Be7 10. b4 a5 11. b5 Na7 12. a4 Bxc5 13. Nbd2 0-0 14. Qb3 Nc8 15. e4 Nb6 16. exd5 Nxd5 17. Ne4 Bb6 18. c4 Nf6 19. Nc3 Rc8 20. Rac1 Qe7 21. Ne5 Bf5 22. Rfe1 Rc7 23. h3 Qc5 24. Qb2 Rd8 25. g4 Bg6 26. Qe2 Qb4 27. Red1 Qe7 28. Rxd8+ Qxd8 29. Rd1 Qe7 30. h4 h6 31. Nxg6 fxg6 32. Ne4 Nxe4 33. Qxe4 Qf6 34. Rd2 Rf7 35. Qe2 Qa1+ 36. Kh2 Bxf2 37. Rd8+ Kh7 38. Qd3 Qe5+ 39. Kh3 Qf6 40. g5 Qf4 41. Be4 Qxh4+ 42. Kg2 Qxg5+ 43. Kh3 Qh5+ 44. Kg2 Qg4+ 45. Kh2 Rf4 46. Bxg6+ Qxg6 47. Rh8+ Kxh8 48. Qxg6 Rxc4 49. Qxe6 Rxa4 50. Qc8+ Kh7 51. Qc2+ Kg8 52. Qxa4 Bb6 53. Qe4 Bc7+ 54. Kg2 b6 55. Qc4+ Kh7 56. Qxc7 a4 57. Qxb6 a3 1-0

[Event "VIE-ch (Women)"]
[Site "Ho Chi Minh City"]
[Date "2021.03.27"]
[Round "5"]
[White "Nguyen, Truong Bao Tran"]
[Black "Nguyen, Thi Mai Lan"]
[Result "1/2-1/2"]
[WhiteElo "1881"]
[BlackElo "1164"]
[PlyCount "192"]
[EventDate "2021.03.24"]
[EventType "swiss"]
[EventRounds "9"]
[EventCountry "VIE"]
[SourceTitle "EXT 2022"]
[Source "ChessBase"]
[SourceDate "2021.10.06"]
[SourceVersion "1"]
[SourceVersionDate "2021.10.06"]
[SourceQuality "1"]

1. d4 Nf6 2. c4 g6 3. Nc3 Bg7 4. e4 d6 5. Nf3 0-0 6. Be2 e5 7. 0-0 Nc6 8. d5 Ne7 9. Ne1 Ne8 10. Be3 f5 11. f3 f4 12. Bf2 g5 13. Nd3 h5 14. c5 Nf6 15. Rc1 Bd7 16. cxd6 cxd6 17. Qb3 b6 18. Nb5 Bxb5 19. Qxb5 Rf7 20. Nb4 Bf8 21. Rc2 Rg7 22. Rfc1 Ne8 23. Nc6 Nxc6 24. Rxc6 g4 25. Qc4 g3 26. Be1 gxh2+ 27. Kxh2 Qg5 28. Bf1 h4 29. Rc8 h3 30. Rc2 hxg2 31. Rxg2 Qh5+ 32. Kg1 Rxc8 33. Qxc8 Rxg2+ 34. Bxg2 Qf7 35. Bh3 Ng7 36. Bg4 Qe7 37. Kg2 Qe8 38. Qc6 Qd8 39. a4 Ne8 40. b4 Be7 41. b5 Kf8 42. Bf2 Bh4 43. Bg1 Be1 44. Kf1 Bb4 45. Bf2 Bc5 46. Be1 Qe7 47. Qc8 Qh7 48. Kg2 Qe7 49. Qf5+ Qf7 50. Qc8 Qe7 51. Qf5+ Qf7 52. Qg5 Qg7 53. Qh5 Qf7 54. Qxf7+ Kxf7 55. Bh5+ Ke7 56. Bxe8 Kxe8 57. Kh3 Kd7 58. Kg4 Be3 59. Kf5 Bd4 60. Bd2 Ke7 61. Bb4 Bb2 62. Be1 Kd7 63. Bf2 Bc3 64. Bh4 Bd4 65. Kg4 Bc5 66. Kh3 Kc7 67. Be1 Kb7 68. Kg2 Bd4 69. Kf1 Kc7 70. Ke2 Kd7 71. Kd3 Bc5 72. Kc4 Be3 73. Bb4 Bf2 74. a5 Be3 75. a6 Bf2 76. Kd3 Bd4 77. Bd2 Bc5 78. Ke2 Bd4 79. Kf1 Kc7 80. Kg2 Kd7 81. Kh3 Bb2 82. Kg4 Ke7 83. Be1 Bd4 84. Kg5 Kd7 85. Bh4 Bc5 86. Kf6 Bd4 87. Be1 Bc5 88. Kf5 Bd4 89. Bd2 Ke7 90. Bc1 Bc3 91. Ba3 Bd4 92. Bb4 Kd7 93. Be1 Ke7 94. Bh4+ Kd7 95. Bg5 Be3 96. Bh4 Bc5 1/2-1/2

[Event "VIE-ch (Women)"]
[Site "Ho Chi Minh City"]
[Date "2021.03.26"]
[Round "4"]
[White "Le, Kieu Thien Kim"]
[Black "Nguyen, Truong Bao Tran"]
[Result "1-0"]
[WhiteElo "2194"]
[BlackElo "1881"]
[PlyCount "103"]
[EventDate "2021.03.24"]
[EventType "swiss"]
[EventRounds "9"]
[EventCountry "VIE"]
[SourceTitle "EXT 2022"]
[Source "ChessBase"]
[SourceDate "2021.10.06"]
[SourceVersion "1"]
[SourceVersionDate "2021.10.06"]
[SourceQuality "1"]

1. d4 Nf6 2. Bf4 g6 3. e3 Bg7 4. Nd2 d6 5. Be2 0-0 6. h4 Nc6 7. c3 e5 8. dxe5 dxe5 9. Bg3 h5 10. Ngf3 Qe7 11. Ng5 Be6 12. Qc2 Rad8 13. b4 a6 14. Nxe6 Qxe6 15. Nf3 e4 16. Ng5 Qe7 17. 0-0 Nd5 18. Nxe4 Ncxb4 19. cxb4 Nxb4 20. Qxc7 Qxe4 21. Rab1 Nxa2 22. Bf3 Qe6 23. Rxb7 Rc8 24. Qa5 Nc3 25. Rb6 Qc4 26. Qxa6 Qxa6 27. Rxa6 Rfd8 28. Kh2 Nd5 29. Rd1 Nf6 30. Rxd8+ Rxd8 31. Kh3 Rd7 32. e4 Re7 33. Bd6 Re6 34. e5 Ng4 35. Ra8+ Kh7 36. Bxg4 hxg4+ 37. Kxg4 Bxe5 38. Bxe5 Rxe5 39. Ra7 Kg7 40. f4 Rb5 41. Ra3 Rc5 42. Kf3 Rb5 43. g4 Rc5 44. Rd3 Ra5 45. Ke4 Ra4+ 46. Rd4 Ra1 47. h5 Re1+ 48. Kf3 gxh5 49. gxh5 Rg1 50. Rd6 Rh1 51. Rd5 Rg1 52. Rg5+ 1-0

[Event "VIE-ch (Women)"]
[Site "Ho Chi Minh City"]
[Date "2021.03.25"]
[Round "2"]
[White "Luong, Phuong Hanh"]
[Black "Nguyen, Truong Bao Tran"]
[Result "1-0"]
[WhiteElo "2246"]
[BlackElo "1881"]
[PlyCount "75"]
[EventDate "2021.03.24"]
[EventType "swiss"]
[EventRounds "9"]
[EventCountry "VIE"]
[SourceTitle "EXT 2022"]
[Source "ChessBase"]
[SourceDate "2021.10.06"]
[SourceVersion "1"]
[SourceVersionDate "2021.10.06"]
[SourceQuality "1"]

1. d4 Nf6 2. Nf3 g6 3. g3 Bg7 4. Bg2 d6 5. 0-0 0-0 6. a4 Na6 7. Nbd2 c5 8. c3 cxd4 9. Nxd4 d5 10. b4 e5 11. N4b3 b6 12. Ba3 Re8 13. c4 Bb7 14. b5 Nc7 15. c5 bxc5 16. Nxc5 Bc8 17. Rc1 Rb8 18. Ndb3 Ne6 19. Qd2 Bf8 20. Na5 Nxc5 21. Bxc5 Qd7 22. Nc6 Ra8 23. a5 Bb7 24. Bxf8 Kxf8 25. Qh6+ Kg8 26. a6 Bxc6 27. Rxc6 Qe7 28. Rfc1 Red8 29. Qh4 Kg7 30. R1c5 Rab8 31. Bh3 Rf8 32. Rc7 Qe8 33. R5c6 Qd8 34. Rb7 Ne4 35. Qxd8 Rfxd8 36. b6 axb6 37. Rxb8 Rxb8 38. Rc8 1-0

[Event "VIE-ch (Women)"]
[Site "Hanoi"]
[Date "2020.10.09"]
[Round "7"]
[White "Nguyen, Truong Bao Tran"]
[Black "Nguyen, Ngoc Thuy Trang"]
[Result "0-1"]
[WhiteElo "1856"]
[BlackElo "1953"]
[PlyCount "70"]
[EventDate "2020.10.05"]
[EventType "swiss"]
[EventRounds "9"]
[EventCountry "VIE"]
[SourceTitle "EXT 2022"]
[Source "ChessBase"]
[SourceDate "2021.10.06"]
[SourceVersion "1"]
[SourceVersionDate "2021.10.06"]
[SourceQuality "1"]

1. e4 c5 2. Nf3 d6 3. d4 cxd4 4. Nxd4 Nf6 5. Nc3 g6 6. Be3 Bg7 7. f3 0-0 8. Qd2 Nc6 9. 0-0-0 d5 10. Qe1 e5 11. Nxc6 bxc6 12. exd5 Nxd5 13. Bc4 Be6 14. Ne4 Qc8 15. Bc5 Rd8 16. Qh4 h6 17. Bb3 a5 18. a4 Rb8 19. Rhe1 Rxb3 20. cxb3 Qb8 21. Rd3 Rd7 22. Red1 f5 23. Nc3 Rb7 24. Nxd5 Bxd5 25. Rxd5 cxd5 26. Rxd5 Kh7 27. Qd8 Qxd8 28. Rxd8 Rc7 29. Rd5 Bf8 30. Rd7+ Rxd7 31. Bxf8 e4 32. fxe4 fxe4 33. b4 e3 34. bxa5 Rd4 35. Be7 e2 0-1

[Event "VIE-ch (Women)"]
[Site "Hanoi"]
[Date "2020.10.06"]
[Round "2"]
[White "Nguyen, Thi Thanh An"]
[Black "Nguyen, Truong Bao Tran"]
[Result "1-0"]
[WhiteElo "2285"]
[BlackElo "1856"]
[PlyCount "51"]
[EventDate "2020.10.05"]
[EventType "swiss"]
[EventRounds "9"]
[EventCountry "VIE"]
[SourceTitle "EXT 2022"]
[Source "ChessBase"]
[SourceDate "2021.10.06"]
[SourceVersion "1"]
[SourceVersionDate "2021.10.06"]
[SourceQuality "1"]

1. d4 Nf6 2. c4 g6 3. Nc3 Bg7 4. e4 d6 5. Be2 0-0 6. Be3 e5 7. d5 a5 8. g4 Na6 9. g5 Ne8 10. h4 f5 11. gxf6 Qxf6 12. Qd2 Nc5 13. 0-0-0 a4 14. h5 c6 15. hxg6 hxg6 16. Nf3 a3 17. b3 Na6 18. Rdg1 Nb4 19. Nh4 cxd5 20. Rxg6 Qf7 21. cxd5 Bd7 22. Kb1 Rc8 23. Rhg1 Kh7 24. Bh5 Qe7 25. Bg5 Qf7 26. Rh6+ 1-0

[Event "ASEAN-ch (Women) 4th"]
[Site "Bac Giang"]
[Date "2019.11.01"]
[Round "9"]
[White "Nguyen, Truong Bao Tran"]
[Black "Secopito, Catherine"]
[Result "1/2-1/2"]
[WhiteElo "1870"]
[BlackElo "2127"]
[PlyCount "74"]
[EventDate "2019.10.25"]
[EventType "swiss"]
[EventRounds "9"]
[EventCountry "VIE"]
[SourceTitle "CBM 192 Extra"]
[Source "Chessbase"]
[SourceDate "2019.11.06"]
[SourceVersion "1"]
[SourceVersionDate "2019.11.06"]
[SourceQuality "1"]

1. d4 Nf6 2. c4 e6 3. g3 d5 4. Bg2 c6 5. Nf3 Bb4+ 6. Bd2 Be7 7. e3 Nbd7 8. Qc2 0-0 9. 0-0 b6 10. Rd1 Bb7 11. Be1 Rc8 12. Nbd2 Qc7 13. Rac1 Qb8 14. cxd5 cxd5 15. Qa4 Bd6 16. b4 a6 17. b5 axb5 18. Qxb5 Qa7 19. Bf1 Rxc1 20. Rxc1 Qxa2 21. Nb3 Qa7 22. Bb4 Qb8 23. Ne5 Bxb4 24. Nxd7 Nxd7 25. Qxd7 Rd8 26. Qb5 Qd6 27. Nc5 bxc5 28. dxc5 Bxc5 29. Qxb7 d4 30. exd4 Qxd4 31. Qf3 Rd5 32. Rc4 Qa1 33. Qxd5 exd5 34. Rxc5 Kf8 35. Rxd5 Ke7 36. Rd3 f5 37. Re3+ Kf6 1/2-1/2

[Event "ASEAN-ch (Women) 4th"]
[Site "Bac Giang"]
[Date "2019.10.28"]
[Round "6"]
[White "Luong, Hoang Tu Linh"]
[Black "Nguyen, Truong Bao Tran"]
[Result "0-1"]
[WhiteElo "1698"]
[BlackElo "1870"]
[PlyCount "48"]
[EventDate "2019.10.25"]
[EventType "swiss"]
[EventRounds "9"]
[EventCountry "VIE"]
[SourceTitle "CBM 192 Extra"]
[Source "Chessbase"]
[SourceDate "2019.11.06"]
[SourceVersion "1"]
[SourceVersionDate "2019.11.06"]
[SourceQuality "1"]

1. d4 Nf6 2. Bg5 c5 3. Bxf6 gxf6 4. d5 d6 5. c4 Qb6 6. Qc2 Na6 7. Nc3 Bg7 8. e4 f5 9. Rb1 Nb4 10. Qd2 fxe4 11. a3 Nd3+ 12. Bxd3 exd3 13. Qxd3 Bd7 14. Nge2 h5 15. b4 Rc8 16. Ne4 cxb4 17. axb4 Qa6 18. Nd2 b5 19. cxb5 Bxb5 20. Qf3 Rc2 21. Ng3 Rxd2 22. Kxd2 Qa2+ 23. Ke3 Bh6+ 24. Ke4 Qc2+ 0-1

[Event "VIE-chT (Women)"]
[Site "Ho Chi Minh City"]
[Date "2019.09.29"]
[Round "6.14"]
[White "Nguyen, Truong Bao Tran"]
[Black "Dao, Thien Kim"]
[Result "1-0"]
[WhiteElo "1869"]
[BlackElo "1823"]
[PlyCount "63"]
[EventDate "2019.09.26"]
[EventType "swiss"]
[EventRounds "9"]
[EventCountry "VIE"]
[SourceTitle "EXT 2020"]
[Source "ChessBase"]
[SourceDate "2019.10.17"]
[SourceVersion "1"]
[SourceVersionDate "2019.10.17"]
[SourceQuality "1"]

1. d4 d5 2. c4 e6 3. g3 c6 4. Bg2 g6 5. Nf3 Bg7 6. 0-0 Ne7 7. b3 0-0 8. Bb2 c5 9. e3 Nbc6 10. Nbd2 cxd4 11. Nxd4 e5 12. cxd5 Nxd5 13. Nxc6 bxc6 14. Nc4 Ba6 15. Rc1 Rc8 16. Qd2 Nb6 17. Rfd1 Nxc4 18. bxc4 Qb6 19. Qc2 Rfd8 20. Ba3 Bf8 21. Bxf8 Kxf8 22. c5 Qc7 23. Bf3 Ke7 24. Qa4 Bd3 25. Qh4+ Ke6 26. Rxd3 Rxd3 27. Qc4+ Rd5 28. e4 Rcd8 29. Rd1 Ke7 30. exd5 cxd5 31. Rxd5 Rb8 32. Qh4+ 1-0

[Event "VIE-ch (Women)"]
[Site "Ho Chi Minh City"]
[Date "2019.05.09"]
[Round "9"]
[White "Nguyen, Thi Mai Hung"]
[Black "Nguyen, Truong Bao Tran"]
[Result "0-1"]
[WhiteElo "2255"]
[BlackElo "1888"]
[PlyCount "124"]
[EventDate "2019.05.02"]
[EventType "swiss"]
[EventRounds "9"]
[EventCountry "VIE"]
[SourceTitle "CBM 190 Extra"]
[Source "ChessBase"]
[SourceDate "2019.07.15"]
[SourceVersion "1"]
[SourceVersionDate "2019.07.15"]
[SourceQuality "1"]

1. d4 Nf6 2. c4 g6 3. Nc3 Bg7 4. e4 d6 5. f3 0-0 6. Be3 c5 7. Nge2 Nc6 8. d5 Ne5 9. Ng3 h5 10. Be2 a6 11. 0-0 Bd7 12. h3 b5 13. cxb5 axb5 14. Nxb5 Qa5 15. a4 h4 16. Nh1 c4 17. b3 Bxb5 18. axb5 Qxb5 19. bxc4 Qb7 20. Rb1 Qc7 21. Qc2 Ned7 22. Bg5 Ra3 23. Bxh4 Rfa8 24. Rfe1 Nc5 25. Bf2 Nfd7 26. Ng3 Ra2 27. Qc1 Ne5 28. Bxc5 Qxc5+ 29. Kh2 Qd4 30. Rd1 Qf2 31. Rf1 Qd4 32. Rd1 Qa7 33. c5 dxc5 34. f4 Nd7 35. Bc4 Ra1 36. Qc2 Ra3 37. Rd3 Qc7 38. e5 Nxe5 39. fxe5 Bxe5 40. Rbb3 Ra1 41. Rf3 Qd6 42. h4 Kg7 43. Rb7 Rh8 44. Qe4 Bf6 45. Kh3 Rxh4+ 46. Qxh4 Bxh4 47. Kxh4 Ra4 48. Kh3 Rxc4 49. Kh2 Rd4 50. Re3 Rxd5 51. Rbxe7 Qf6 52. Ra7 Qh4+ 53. Kg1 Qd4 54. Rae7 c4 55. Ne2 Qd1+ 56. Kh2 Rh5+ 57. Kg3 Qe1+ 58. Kf3 Qf1+ 59. Ke4 Qf6 60. Re8 Qc6+ 61. Kd4 Rd5+ 62. Kc3 Rd3+ 0-1

[Event "Johor op 5th"]
[Site "Johor"]
[Date "2018.12.12"]
[Round "4"]
[White "Manaog, Stewart"]
[Black "Nguyen, Truong Bao Tran"]
[Result "0-1"]
[WhiteElo "2119"]
[BlackElo "1873"]
[PlyCount "46"]
[EventDate "2018.12.10"]
[EventType "swiss"]
[EventRounds "9"]
[EventCountry "MAS"]
[SourceTitle "CBM 187 Extra"]
[Source "ChessBase"]
[SourceDate "2018.11.04"]
[SourceVersion "1"]
[SourceVersionDate "2018.11.04"]
[SourceQuality "1"]

1. d4 Nf6 2. Nf3 g6 3. g3 Bg7 4. Bg2 0-0 5. 0-0 d6 6. c4 Nc6 7. Nc3 Rb8 8. d5 Na5 9. Qd3 c5 10. h3 a6 11. e4 b5 12. Nd2 Nd7 13. f4 Nb6 14. cxb5 axb5 15. Re1 c4 16. Qc2 b4 17. Nd1 Ba6 18. Nf3 Qc7 19. Be3 Nd7 20. Bf1 Nc5 21. Bf2 Rfc8 22. e5 Nd3 23. Bxd3 cxd3 0-1

[Event "Johor op 5th"]
[Site "Johor"]
[Date "2018.12.10"]
[Round "1"]
[White "Nguyen, Truong Bao Tran"]
[Black "Fominyh, Alexander"]
[Result "1/2-1/2"]
[WhiteElo "1873"]
[BlackElo "2369"]
[PlyCount "88"]
[EventDate "2018.12.10"]
[EventType "swiss"]
[EventRounds "9"]
[EventCountry "MAS"]
[SourceTitle "CBM 187 Extra"]
[Source "ChessBase"]
[SourceDate "2018.11.04"]
[SourceVersion "1"]
[SourceVersionDate "2018.11.04"]
[SourceQuality "1"]

1. d4 Nf6 2. c4 c5 3. d5 b5 4. cxb5 a6 5. bxa6 g6 6. Nc3 Bg7 7. Nf3 Qa5 8. Bd2 Bxa6 9. g3 d6 10. Bg2 Nbd7 11. Rb1 0-0 12. 0-0 Rfb8 13. Qc2 Bb7 14. Rfd1 Qb6 15. Be1 Ng4 16. h3 Nge5 17. b3 Nxf3+ 18. Bxf3 Ne5 19. Bg2 Bc8 20. Kh2 Nd7 21. a4 Ba6 22. Na2 Rc8 23. Nc3 Rab8 24. Bf3 Ne5 25. Bg2 Rc7 26. f4 Nd7 27. Bf3 Rcb7 28. Kg2 Nf6 29. Bf2 Qc7 30. Na2 Nd7 31. Rdc1 Qd8 32. e4 e5 33. dxe6 fxe6 34. Rd1 Qe7 35. Be1 Nb6 36. a5 Na8 37. b4 Nc7 38. bxc5 dxc5 39. Bf2 Rxb1 40. Rxb1 Rxb1 41. Qxb1 Nb5 42. e5 Nd4 43. Be4 Bc4 44. Nc3 Nb3 1/2-1/2

[Event "VIE Cup (Women)"]
[Site "Bac Giang"]
[Date "2018.06.05"]
[Round "9"]
[White "Nguyen, Truong Bao Tran"]
[Black "Nguyen, Thi Thao Linh"]
[Result "0-1"]
[WhiteElo "1873"]
[BlackElo "1800"]
[PlyCount "122"]
[EventDate "2018.05.30"]
[EventType "swiss"]
[EventRounds "9"]
[EventCountry "VIE"]
[SourceTitle "CBM 184 Extra"]
[Source "ChessBase"]
[SourceDate "2018.06.28"]
[SourceVersion "1"]
[SourceVersionDate "2018.06.28"]
[SourceQuality "1"]

1. d4 Nf6 2. c4 e6 3. g3 Bb4+ 4. Bd2 Qe7 5. Bg2 0-0 6. Nf3 Bxd2+ 7. Nbxd2 d6 8. 0-0 e5 9. e3 a5 10. Qc2 c6 11. c5 exd4 12. exd4 d5 13. Rfe1 Qd8 14. a3 a4 15. Nb1 Ne4 16. Ne5 f6 17. Bxe4 dxe4 18. Qc4+ Qd5 19. Nc3 Qe6 20. Qxe6+ Bxe6 21. Nd3 Bc4 22. Nf4 f5 23. h4 Rd8 24. Rad1 Nd7 25. Rc1 Bb3 26. Nce2 Nf8 27. Rc3 Nd7 28. Ng2 Nf6 29. Ne3 Nd5 30. Rcc1 g6 31. Nc4 Nc7 32. Nd6 Rab8 33. Nf4 Na6 34. g4 b6 35. gxf5 bxc5 36. dxc5 Nxc5 37. Nxe4 Nxe4 38. Rxe4 gxf5 39. Re5 Rd1+ 40. Rxd1 Bxd1 41. Nd3 Rb3 42. Re3 Bc2 43. Nb4 Rxb2 44. Nxc6 Be4 45. Nb4 Kf7 46. Nd3 Bxd3 47. Rxd3 Rb3 48. Re3 Kf6 49. Kg2 Rxe3 50. fxe3 Ke5 51. Kf3 h5 52. Kf2 Ke4 53. Ke2 f4 54. exf4 Kxf4 55. Kd3 Kg4 56. Ke4 Kxh4 57. Kf4 Kh3 58. Kf3 h4 59. Kf2 Kg4 60. Kg2 Kf4 61. Kh3 Ke3 0-1